Engineering Mechanics Dynamics (Record no. 302871)

MARC details
000 -LEADER
fixed length control field 00414nam a2200157Ia 4500
008 - FIXED-LENGTH DATA ELEMENTS--GENERAL INFORMATION
fixed length control field 230718s9999 xx 000 0 und d
041 ## - LANGUAGE CODE
Language code of text/sound track or separate title eng
082 ## - DEWEY DECIMAL CLASSIFICATION NUMBER
Classification number 620.1
Item number MER
100 ## - MAIN ENTRY--PERSONAL NAME
Personal name Meriam J.L.
245 ## - TITLE STATEMENT
Title Engineering Mechanics Dynamics
250 ## - EDITION STATEMENT
Edition statement 4th ed.
260 ## - PUBLICATION, DISTRIBUTION, ETC. (IMPRINT)
Date of publication, distribution, etc. 1998
Name of publisher, distributor, etc. John Wiley & Sons
365 ## - TRADE PRICE
Currency code Rs.
Price amount 431.00
700 ## - ADDED ENTRY--PERSONAL NAME
Personal name Meriam J.L. & Karige L.G.
906 ## - LOCAL DATA ELEMENT F, LDF (RLIN)
d B:82510-Jan-2002
c ALLEDS
b 68.96
Holdings
Withdrawn status Lost status Damaged status Not for loan Home library Current library Date acquired Vendor Budget Code Cost, normal purchase price Bill number Total Checkouts Full call number Barcode Date last seen Discount Cost, replacement price Bill Date Koha item type Original Barcode
        Cummins College of Engineering for Women Pune Cummins College of Engineering for Women Pune 16/01/2001 MBS ALLEDS 362.04 859   620.1 CCEP-BK-14078 18/07/2023 68.96 431.00 10/01/2002 Books 014078